000 00508nam a2200193Ia 4500
001 7104
003 GE_BSU
008 181216s||||||||xx |||||||||||||| ||und||
040 _cGE_BSU
080 _a512
245 _aАлгебра и теория чисел. ч.3
245 _cПод ред. Н.Я. Виленкина
260 _aМосква
260 _bПросвещение
260 _c1974
300 _a198стр.22см.
653 _aАлгебра и теория чисел
942 _cBK
999 _c40493
_d40493